|
|
|
|
| LEADER |
00000nam a2200000 i 4500 |
| 001 |
DIGVIETO175 |
| 003 |
NyNyDIG |
| 008 |
210406s2014 sp a o 000 f spa d |
| 006 |
m o d |
| 007 |
cr ||||||||||| |
| 035 |
|
|
|a (OCoLC)1245505629
|
| 040 |
|
|
|a DGITA
|b eng
|e rda
|e pn
|c DGITA
|
| 020 |
|
|
|z 9788494183270
|
| 020 |
|
|
|z 8494183273
|
| 043 |
|
|
|a e-sp---
|
| 050 |
1 |
4 |
|a PQ6723.A74 ebook
|
| 100 |
1 |
|
|a Warleta, Javier,
|e author.
|
| 245 |
1 |
0 |
|a Diarios de guerra :
|b Madrid 2011 /
|c Javier Warleta.
|
| 264 |
|
1 |
|a [Barcelona] :
|b El Viejo Topo,
|c [2014]
|
| 300 |
|
|
|a 1 online resource :
|b illustrations.
|
| 336 |
|
|
|a text
|b txt
|2 rdacontent
|
| 337 |
|
|
|a computer
|b c
|2 rdamedia
|
| 338 |
|
|
|a online resource
|b cr
|2 rdacarrier
|
| 347 |
|
|
|a text file
|2 rdaft
|
| 347 |
|
|
|b PDF
|
| 490 |
1 |
|
|a Narrativa
|
| 588 |
0 |
|
|a Online resource; title from PDF title page (Digitalia, viewed April 15, 2021)
|
| 655 |
|
7 |
|a Novels.
|2 lcgft
|
| 655 |
|
0 |
|a Electronic books.
|
| 791 |
2 |
|
|a Digitalia (Firm),
|e distributor.
|
| 793 |
0 |
|
|g Digitalia eBook Collection:
|a El Viejo Topo
|
| 776 |
0 |
8 |
|i Print version:
|a Warleta, Javier.
|t Diarios de guerra.
|d Barcelona : El Viejo Topo, [2014]
|z 9788494183270
|w (DLC) 2014383800
|w (OCoLC)875162859
|
| 830 |
|
0 |
|a Narrativa (Viejo Topo (Firm))
|
| 856 |
4 |
0 |
|3 Digitalia Hispánica
|u https://www.digitaliapublishing.com/a/57623/
|
| 910 |
|
|
|a Premium collection: 2021
|